000 00495nam a22001697a 4500
003 OSt
008 260425b |||||||| |||| 00| 0 eng d
082 _a635.648
_bM87E
100 _aMunda, Bidya Dhar Singh
245 _aEffect of Plant Growth Regulators in Seed Production of Bhindi (Abelmoschus esculentus L. Moench.)
260 _aPusa, Samastipur
_bRAU
_c1997
300 _a55P.
502 _bMsc.
_d1997
650 _aVegetables & Floriculture
650 _aHorticulture
942 _2ddc
_cT
999 _c50189
_d50189